| 000 | 01496cam a2200253 a 4500 | ||
|---|---|---|---|
| 001 | 951079 | ||
| 003 | DO-SdBNP | ||
| 005 | 20180402111123.0 | ||
| 007 | 951079 | ||
| 008 | 020930s2015 dr a 000 1 spa | ||
| 010 | _a | ||
| 020 | _a9789945897203 | ||
| 040 |
_aBPMSU _cspa _bBPMSU |
||
| 050 | 0 | 0 |
_a _b |
| 245 | 0 | 0 |
_a Concurso de Cuentos Juan Pablo Duarte padre fundador de la República Dominicana / _b |
| 246 | 3 | _aConcurso de Cuentos | |
| 260 |
_aSanto Domingo : _bInstituto Superior de Formación Docente Salomé Ureña _c 2015 |
||
| 300 |
_a120 p. : _bil. ; _c30 cm. |
||
| 505 | 0 |
_tPresentación -- _tValoración de los miembros del jurado, _tCuentos ganadores del primer, segundo y tercer lugar _tPrimer lugar : Sorprendido _rJonnathan Sentele Fafa _tSegungo lugar : Amante de la libertad por la naturaleza / _rJosé Feliciano cruz Rojas _tTercer lugar : El espaldarazo / _rRayniel Almonte Berihuete -- _tOtros cuentos seleccionados ganadores en menciones de honor _tComprometido con la patria / _rÁngela M. Adon Cruz _tLa novia de la libertad / _rMileysis J. Medina R. _tCorazón y patria / _rMairenie Ruiz Escaño -- _tDuarte es mi vocación / _rYermi Francisca García Aguiló-- _tProfecía de un hombre extraordinario / _rDionisio Vólquez Pérez _tLongevidad de los sueños / _rEury A. Rodríguez _a |
|
| 710 | _aInstituto Superior de Formación Docente Salomé Ureña | ||
| 942 |
_2ddc _cBK |
||
| 945 | _ainventariado, 2018 / dg | ||
| 956 |
_aVMATEO _b10 _c20160614 _dBPMSU _f0069 |
||
| 999 |
_c10377 _d10377 |
||